UBT Library

The compact Bedford introduction to literature : (Record no. 44022)

000 -LEADER
fixed length control field 00804cam a2200253 a 4500
001 - CONTROL NUMBER
control field 16447806
005 - DATE AND TIME OF LATEST TRANSACTION
control field 20180302070306.0
008 - FIXED-LENGTH DATA ELEMENTS--GENERAL INFORMATION
fixed length control field 100907s2012 maua b 001 0 eng
010 ## - LIBRARY OF CONGRESS CONTROL NUMBER
LC control number 2010936409
020 ## - INTERNATIONAL STANDARD BOOK NUMBER
International Standard Book Number 9780312594343 (pbk. student ed. : alk. paper)
020 ## - INTERNATIONAL STANDARD BOOK NUMBER
International Standard Book Number 0312594348 (pbk. student ed. : alk. paper
040 ## - CATALOGING SOURCE
Original cataloging agency DLC
Transcribing agency DLC
Modifying agency DLC
041 ## - LANGUAGE CODE
Language code of text/sound track or separate title eng
042 ## - AUTHENTICATION CODE
Authentication code pcc
080 ## - UNIVERSAL DECIMAL CLASSIFICATION NUMBER
Universal Decimal Classification number 808
082 00 - DEWEY DECIMAL CLASSIFICATION NUMBER
Classification number 808 MEY
Edition number 23
100 ## - Rafti
Rafti 25
101 ## - Shkurtesa
Shkurtesa EDE
245 04 - TITLE STATEMENT
Title The compact Bedford introduction to literature :
Statement of responsibility, etc [compiled by] Michael Meyer.
504 ## - BIBLIOGRAPHY, ETC. NOTE
Bibliography, etc Includes bibliographical references and indexes.
906 ## - LOCAL DATA ELEMENT F, LDF (RLIN)
a 7
b cbc
c orignew
d 2
e epcn
f 20
g y-gencatlg
942 ## - ADDED ENTRY ELEMENTS (KOHA)
Source of classification or shelving scheme
Item type Books
Holdings
Withdrawn status Lost status Source of classification or shelving scheme Damaged status Not for loan Collection code Permanent location Current location Shelving location Date acquired Total Checkouts Full call number Barcode Date last seen Price effective from Koha item type
          Koleksioni i përgjithshem UBT - Lipjan UBT - Lipjan General Stacks 03/02/2018   808 MEY 002-3000814 03/02/2018 03/02/2018 Books
UBT Library © 2015-2024. All rights reserved University Education for Business and Technology